01121nam a2200277 a 450000100060000000300080000600500170001400800410003103500190007204000320009104100080012308200260013110000330015724501250019026000890031530000350040450000160043950400320045565000470048765000390053470000420057383000530061594200130066899900170068195201450069833500BD-RjUL20211209052023.0840210s1979 dcua b 000 0 eng  a(BD-RjUL)33591 aDLCcDLCdDLCdBD-RjULbeng aeng00a370.954219bHEI 19791 aHeyneman, Stephen P.910806710aInvestment in Indian education, uneconomic? /cPrepared by Stephen P. Heyneman with the assistance of Pamela Cope Mintz. aWashington, D.C., U.S.A. (1818 H St., N.W., Washington 20433) :bWorld Bank,cc1979. a56, 2 Leaves :bill. ;c28 cm. a"May 1979." aBibliography: Leaves 18-23. 0aEducationxEconomic aspectszIndia.916222 0aEducationzIndiaxFinance.91113391 aMintz, Pamela Cope, Jt. auth.9111340 aWorld Bank staff working paper ; no. 3279111342 2ddccDOC c33500d33500 00102ddc40718NFICaRUCLbRUCLcDoc/Thed1987-08-25eWorld Bankg0.00l0oDOC 370.954 HEI 1979r2014-07-06 00:00:00tC-1w2021-12-09yDOC